Central banking / (Record no. 20246)
[ view plain ]
| 000 -LEADER | |
|---|---|
| fixed length control field | 00708nam a22002057a 4500 |
| 008 - FIXED-LENGTH DATA ELEMENTS--GENERAL INFORMATION | |
| fixed length control field | 240508b ||||| |||| 00| 0 eng d |
| 020 ## - INTERNATIONAL STANDARD BOOK NUMBER | |
| International Standard Book Number | 9710857940 |
| 082 ## - DEWEY DECIMAL CLASSIFICATION NUMBER | |
| Classification number | DFil 332.11 |
| Item number | F17 1994 |
| 100 ## - MAIN ENTRY--PERSONAL NAME | |
| Personal name | Fajardo, Feliciano R. |
| 9 (RLIN) | 56946 |
| 245 ## - TITLE STATEMENT | |
| Title | Central banking / |
| Statement of responsibility, etc. | Feliciano R. Fajardo and Manuel M. Manansala. |
| 250 ## - EDITION STATEMENT | |
| Edition statement | Revised edition. |
| 260 ## - PUBLICATION, DISTRIBUTION, ETC. (IMPRINT) | |
| Place of publication, distribution, etc. | Manila : |
| Name of publisher, distributor, etc. | National Books Store, Inc., |
| Date of publication, distribution, etc. | ©1994. |
| 300 ## - PHYSICAL DESCRIPTION | |
| Extent | xiii, 282 pages : |
| Other physical details | illustrations ; |
| Dimensions | 22 cm. |
| 500 ## - GENERAL NOTE | |
| General note | Includes bibliography. |
| 650 ## - SUBJECT ADDED ENTRY--TOPICAL TERM | |
| Topical term or geographic name as entry element | Banks and banking. |
| 9 (RLIN) | 57218 |
| 650 ## - SUBJECT ADDED ENTRY--TOPICAL TERM | |
| Topical term or geographic name as entry element | Central banking. |
| 9 (RLIN) | 57219 |
| 650 ## - SUBJECT ADDED ENTRY--TOPICAL TERM | |
| Topical term or geographic name as entry element | Banks and banking, Central. |
| 9 (RLIN) | 57220 |
| 700 ## - ADDED ENTRY--PERSONAL NAME | |
| Personal name | Manansala, Manuel M. |
| Relator term | author. |
| 9 (RLIN) | 56947 |
| 942 ## - ADDED ENTRY ELEMENTS (KOHA) | |
| Source of classification or shelving scheme | Dewey Decimal Classification |
| Koha item type | Filipiniana |
| Withdrawn status | Lost status | Source of classification or shelving scheme | Damaged status | Not for loan | Collection code | Home library | Current library | Source of acquisition | Total Checkouts | Full call number | Barcode | Date last seen | Copy number | Koha item type |
|---|---|---|---|---|---|---|---|---|---|---|---|---|---|---|
| Dewey Decimal Classification | Filipiniana | UM Digos College - LIC | UM Digos College - LIC | Purchased | DFil 332.11 F17 1994 | 12367 | 05/15/2025 | 1 | Filipiniana | |||||
| Dewey Decimal Classification | Filipiniana | UM Digos College - LIC | UM Digos College - LIC | Purchased | DFil 332.11 F17 1994 | 12651 | 05/15/2025 | 2 | Filipiniana | |||||
| Dewey Decimal Classification | Filipiniana | UM Digos College - LIC | UM Digos College - LIC | Purchased | DFil 332.11 F17 1994 | 12652 | 05/15/2025 | 3 | Filipiniana | |||||
| Dewey Decimal Classification | Filipiniana | UM Digos College - LIC | UM Digos College - LIC | Purchased | DFil 332.11 F17 1994 | 12654 | 05/15/2025 | 5 | Filipiniana |
